Peribáñez y el comendador de Ocaña ; Fuenteovejuna ; El caballero de Olmedo ; El mejor alcalde, el Rey / (Record no. 146010)

MARC details
000 -LEADER
campo de control de longitud fija 01087nam a2200253 i 4500
001 - NÚMERO DE CONTROL
campo de control 146010
003 - IDENTIFICADOR DE NÚMERO DE CONTROL
campo de control ES-MaACL
005 - FECHA Y HORA DE LA ÚLTIMA TRANSACCIÓN
campo de control 20250511122918.0
007 - CAMPO FIJO DE DESCRIPCIÓN FÍSICA--INFORMACIÓN GENERAL
campo de control de longitud fija t|
008 - DATOS DE LONGITUD FIJA--INFORMACIÓN GENERAL
campo de control de longitud fija 071018s1972 sp ||||1| spa d
080 ## - NÚMERO DE LA CLASIFICACIÓN DECIMAL UNIVERSAL
Número de la Clasificación Decimal Universal 821.134.2-2"16"(082.2)
100 1# - ENTRADA PRINCIPAL--NOMBRE DE PERSONA
Nombre de persona Vega, Lope de,
Fechas asociadas al nombre 1562-1635
9 (RLIN) 113563
245 10 - MENCIÓN DEL TÍTULO
Título Peribáñez y el comendador de Ocaña ; Fuenteovejuna ; El caballero de Olmedo ; El mejor alcalde, el Rey /
Mención de responsabilidad, etc. Lope de Vega. El príncipe constante ; La vida es sueño ; El alcalde de Zalamea ; El mágico prodigioso ; Autos sacramentales escogidos / Calderón ; [presentación J. de Entrambasaguas ; estudio preliminar Manuel Carrión Gútiez].
260 ## - PUBLICACIÓN, DISTRIBUCIÓN, ETC.
Lugar de publicación, distribución, etc. Barcelona :
Nombre del editor, distribuidor, etc. Carroggio,
Fecha de publicación, distribución, etc. [1972]
300 ## - DESCRIPCIÓN FÍSICA
Extensión 496 p., 16 lám. ;
Dimensiones 24 cm.
650 #4 - PUNTO DE ACCESO ADICIONAL DE MATERIA--TÉRMINO DE MATERIA
Término de materia o nombre geográfico como elemento de entrada Teatro español-
Subdivisión cronológica S.XVI-XVII.
9 (RLIN) 17350
650 14 - PUNTO DE ACCESO ADICIONAL DE MATERIA--TÉRMINO DE MATERIA
Término de materia o nombre geográfico como elemento de entrada
9 (RLIN) 239565
700 1# - ENTRADA AGREGADA--NOMBRE PERSONAL
Nombre de persona Entrambasaguas, Joaquín de,
Fechas asociadas al nombre 1904-1995
9 (RLIN) 47309
700 1# - ENTRADA AGREGADA--NOMBRE PERSONAL
Nombre de persona Carrión Gútiez, Manuel.
9 (RLIN) 35810
700 1# - ENTRADA AGREGADA--NOMBRE PERSONAL
Nombre de persona Calderón de la Barca, Pedro,
9 (RLIN) 239594
Fechas asociadas al nombre 1600-1681
852 4# - LOCALIZACIÓN
Ubicación ES-MaACL
Número de control de estantería C-49258
942 ## - ELEMENTOS DE ENTRADA SECUNDARIOS (KOHA)
Fuente del sistema de clasificación o colocación Clasificación decimal universal
Holdings
Estatus retirado Estado de pérdida Estado de daño No para préstamo Biblioteca de origen Biblioteca actual Ubicación en estantería Fecha de adquisición Fuente de adquisición Total de préstamos Signatura topográfica completa Código de barras Visto por última vez Precio de reemplazo Tipo de ítem Koha
        Biblioteca del Ateneo de Madrid Biblioteca del Ateneo de Madrid Depósito 2 17/01/2008     C-49258 1152403 23/02/2023 23/02/2023 Libro impreso